00759nam a22002411 4500001001300000003000400013005001700017008004100034010001700075025001900092043001200111050001900123100002500142245005200167260003900219300002400258350000900282500011300291504003200404650003400436651003000470999001700500sa 68000696 DLC20260227112426.0710901s1967 ii b 00000 eng  asa 68000696  aPL480:I-E-9186 aa-ii---0 aHC440.S3bM81820aMutalik Desai, V. R.10aSocial aspects of savingsc[by] V. R. M. Desai.0 aBombay,bPopular Prakashanc[1967] axvi, 189 p.c23 cm. aRs24 a"Originally prepared and submitted as a thesis for the Postgraduate studies of the University of Bombay ..." aBibliography: p. [177]-186. 0aSaving and investmentzIndia. 0aIndiaxSocial conditions. c77392d77392